THE PENGUIN DICTIONARY OF PSYCHOLOGY / (Record no. 616567)
[ view plain ]
| 000 -LEADER | |
|---|---|
| fixed length control field | 00378nam a22001457a 4500 |
| 020 ## - INTERNATIONAL STANDARD BOOK NUMBER | |
| Qualifying information | PB. |
| 040 ## - CATALOGING SOURCE | |
| Transcribing agency | FIZZA ISHAQ |
| 082 ## - DEWEY DECIMAL CLASSIFICATION NUMBER | |
| Classification number | 150.3 |
| Author Mark | ART |
| 100 ## - MAIN ENTRY--PERSONAL NAME | |
| Personal name | REBER,S.ARTHUR. |
| 9 (RLIN) | 133611 |
| 245 ## - TITLE STATEMENT | |
| Title | THE PENGUIN DICTIONARY OF PSYCHOLOGY / |
| Statement of responsibility, etc. | ARTHUR S.REBER. |
| 250 ## - EDITION STATEMENT | |
| Edition statement | 2ND ED. |
| 260 ## - PUBLICATION, DISTRIBUTION, ETC. | |
| Place of publication, distribution, etc. | NEW YORK ; |
| Name of publisher, distributor, etc. | PENGUIN BOOKS, |
| Date of publication, distribution, etc. | 1985. |
| 300 ## - PHYSICAL DESCRIPTION | |
| Extent | 880 P. ; |
| Dimensions | 7.8X4.8IN |
| 942 ## - ADDED ENTRY ELEMENTS (KOHA) | |
| Source of classification or shelving scheme | |
| Koha item type | Book |
| Withdrawn status | Lost status | Source of classification or shelving scheme | Damaged status | Not for loan | Permanent Location | Current Location | Shelving location | Date acquired | Total Checkouts | Full call number | Barcode | Date last seen | Price effective from | Koha item type |
|---|---|---|---|---|---|---|---|---|---|---|---|---|---|---|
| NUST Baluchistan Campus (NBC) | NUST Baluchistan Campus (NBC) | General Stacks | 03/09/2026 | 150.3 ART | QD-143 | 03/09/2026 | 03/09/2026 | Book |
